| 000 | 00940nam a2200205 a 4500 | ||
|---|---|---|---|
| 001 | 22955 | ||
| 003 | CO-ViMGA | ||
| 008 | 141112s2004 ck r 000 u spa d | ||
| 020 | _a9788449437441 | ||
| 040 |
_aCO-ViMGA _bspa _cCO-ViMGA |
||
| 082 | 0 | 4 | _a530 M357 |
| 100 | 1 | _aGispert, Carlos | |
| 245 | 1 | 0 |
_aEl mentor de fìsica y quìmica : _bCon ejercicios resueltos |
| 260 |
_aEspaña : _bOceano |
||
| 300 | _a456p. | ||
| 505 | _aFISICA : Introducion a la fisica, Estatica, Cinematica, Dinamico, Trabajo, potencia y energia, Movimiento circular, Acustica, Termologia, Electroestatica, Electrocinética \ QUIMICA : Introduccion a la quimica, Reacciones y compuestos quimicos, Quimica cuantitativa, Estados de la materia, Ecuaciones quimicas, Estructura atomica, Tabla periodica de los elementos, Enlace quimico | ||
| 650 | 1 | 4 |
_aFISICA - PROBLEMAS, JERCICIOS _932997 |
| 650 | 1 | 4 |
_aQUIMICA - PROBLEMAS - EJERCICIOS _949287 |
| 942 |
_2ddc _cBK |
||
| 999 |
_c31243 _d31243 |
||